載入...

Reflections on distance education for India /

書目詳細資料
主要作者: Ramanujam, P Renga
格式: Printed Book
語言:English
出版: Delhi : Manak, c1995.
主題:
LEADER 00582nam a22001577a 4500
008 180818b xxu||||| |||| 00| 0 eng d
020 |a 8185445842 
082 |a 371.358 
100 |a Ramanujam, P Renga 
245 |a Reflections on distance education for India /  |c P. Renga Ramanujam . 
260 |a Delhi :  |b Manak,  |c c1995. 
300 |a 177p.;  |c 20cm. 
650 7 |2 fast  |9 960510  |a Distance education 
942 |c BK 
999 |c 283026  |d 283026 
952 |0 0  |1 0  |2 ddc  |4 0  |6 371_358000000000000_REN_R  |7 0  |9 320855  |a LLE  |b LLE  |c ST1  |d 1996-03-12  |e Athulya books  |g 250.00  |i 1047  |o 371.358 REN/R  |p LLE1047  |r 2018-08-18  |y BK